|
|
|
|
| LEADER |
00000nam a2200000 a 4500 |
| 001 |
vtls001406858 |
| 003 |
SK-MaSNL |
| 005 |
20260426014351.0 |
| 008 |
130607s2000 xo 0 slo |
| 015 |
|
|
|a SNBS2001/02-00703
|
| 035 |
|
|
|a SNK000361502
|
| 040 |
|
|
|a SNK
|b slo
|c SNK
|e AACR2
|
| 041 |
0 |
|
|a slo
|
| 044 |
|
|
|a xo
|c SK
|
| 080 |
|
|
|a 311.312(437.6)(086.7)"2000"=20=854
|2 1981
|
| 110 |
1 |
|
|a Slovensko.
|b Štatistický úrad
|4 aut
|
| 245 |
1 |
|
|a Štatistická ročenka Slovenskej republiky 2000
|h elektronický zdroj
|
| 246 |
1 |
0 |
|a Statistical Yearbook of the Slovak Republic 2000
|
| 246 |
1 |
1 |
|a Statistical Yearbook of the Slovak Republic
|
| 256 |
|
|
|a Počítačové dáta (581 súborov)
|
| 260 |
|
|
|a [Bratislava]
|b Veda
|c 2000
|
| 300 |
|
|
|a 1 elektronický optický disk (CD-ROM)
|
| 500 |
|
|
|a Súbežný názov a text angl.
|
| 500 |
|
|
|a Elektronické dokumenty
|
| 648 |
|
7 |
|a 2000
|2 SNKPH
|9 295137
|
| 651 |
|
7 |
|a Slovensko
|2 SNKPHgeo
|9 14231
|
| 655 |
|
7 |
|a elektronické bibliografické databázy
|2 SNK
|9 73328
|
| 999 |
|
|
|c 1154949
|d 1156879
|
| 952 |
|
|
|t P60, <03>, [BOOK], {603}
|a SNK
|b SNK
|y PREZ
|7 0
|p 17A0172322
|o snkSCDM 68/2000
|i snkJK 79/2001
|0 0
|1 0
|4 0
|d 2001-02-08
|l 0
|r 2005-01-02 00:00:00
|w 2026-02-24
|
| 952 |
|
|
|a SNK
|b SNK
|y NEVYP
|7 0
|p 17A0201984
|0 0
|1 1
|4 0
|d 2001-03-09
|l 0
|r 2005-01-02 00:00:00
|w 2026-02-24
|
| 952 |
|
|
|t snkSTA/2000 311/pril.
|a SNKMST
|b SNKMST
|y PREZ
|7 0
|p 17A0172321
|o snkSCDM 68/2000 D1
|i snkJK 80/2001
|0 0
|1 0
|4 0
|d 2001-02-08
|l 0
|r 2025-08-11 00:00:00
|w 2026-02-24
|